<The> Public sector in the Czech Republic in light of the public choice theory

Komparácia spôsobov analýzy role vlády a verejného sektora v spoločnosti. Porovnanie výsledkov s teóriou verejnej voľby. Príjmy a výdavky verejného sektora, pomer verejného dlhu a HDP.

Salvato in:
Dettagli Bibliografici
Autore principale: Rybáček, Václav
Natura: Capitolo di libro
Lingua:inglese
Soggetti:
Tags: Aggiungi Tag
Nessun Tag, puoi essere il primo ad aggiungerne!!

MARC

LEADER 00000naa a2200000 4500
001 0221673
005 20221019173559.9
041 0 |a eng 
044 |a CZ 
245 1 0 |a <The> Public sector in the Czech Republic in light of the public choice theory  |c Václav Rybáček 
520 |a Komparácia spôsobov analýzy role vlády a verejného sektora v spoločnosti. Porovnanie výsledkov s teóriou verejnej voľby. Príjmy a výdavky verejného sektora, pomer verejného dlhu a HDP. 
610 2 0 |a sektor verejný 
610 2 0 |a účty národné 
610 2 0 |a voľba verejná 
610 2 0 |a analýzy 
610 2 0 |a Česko 
100 1 |a Rybáček, Václav